El discurso de lo cotidiano y el sentido común: la teoría de las representaciones sociales

में बचाया:
ग्रंथसूची विवरण
मुख्य लेखकों: Wagner, Wolfgang (लेखक), Hayes, Nicky (लेखक), Flores Palacios, Fátima (लेखक)
स्वरूप: पुस्तक
भाषा:स्पेनिश
प्रकाशित: Barcelona Anthropos 2011
संस्करण:1a. ed
श्रृंखला:Autores, Textos y Temas: Psicología, 30
विषय:
टैग: टैग जोड़ें
कोई टैग नहीं, इस रिकॉर्ड को टैग करने वाले पहले व्यक्ति बनें!

MARC

LEADER 00000cam a2200000 a 4500
001 UCF3461
003 CL-VaPUC
008 121011e20110000SP |||||||||||||||||spa|d
020 |a 9788476589854 
082 0 4 |a 302  |b WAG  |2 21 
100 0 |a Wagner, Wolfgang  |e author  |9 565292 
700 0 |a Hayes, Nicky  |e author  |9 565293 
700 0 |a Flores Palacios, Fátima  |e author  |9 565294 
245 1 3 |a El discurso de lo cotidiano y el sentido común: la teoría de las representaciones sociales 
250 |a 1a. ed 
300 |a 377 p 
942 |c BK 
945 |d 20121011 00:00:00  |a dcastane 
260 |a Barcelona  |b Anthropos  |c 2011 
650 0 |a Psicología social   |9 222894 
650 0 |a Sociología   |9 255410 
650 0 |a Antropología cultural y social   |9 265143 
650 0 |a Representación social   |9 565295 
583 |a last modification  |c 20121011 12:23:00  |k Rodrigo Vera 
490 0 |a Autores, Textos y Temas: Psicología, 30 
999 |c 349783  |d 349781